000 01484nam0a22003371 4500
001 rc\4183650
005 20130415192725.6
021 _aRU
_b[46-16245]
035 _a(NLR Aleph) 008191699
090 _a7980057
_c7980057
100 _a20130415d1946 |||y0rusy50 ca
101 1 _arus
_cukr
102 _aRU
105 _ac z |||||
200 1 _aИзбранное
_eВ пер. с укр.
_fПод ред. А.И. Белецкого и Б.А. Турганова
_gВступ. статья А.И. Белецкого. ["Павло Тычина", с. 7-32]
210 _aМосква
_cГослитиздат
_d1946
_g6-я тип. треста "Полиграфкнига"
215 _a407 с., 1 л. портр.
_d20
300 _aНа доб. тит. л.: Павло Тичина. Вибiр поезiй
300 _aПеред загл. автор: Павло Тычина
513 0 _aВибiр поезiй
606 _aПоэты украинские
_2psbo
606 _aВеликая Отечественная война (х. л.)
_2psbo
608 _aУкраинская поэзия
_2psbo
700 1 _aТычина
_bП. Г.
_f1891-1967
_gПавел Григорьевич
702 1 _aБелецкий
_bА. И.
_gАлександр Иванович
_4340
_4080
702 1 _aТурганов
_bБ. А.
_gБорис Александрович
_4340
801 0 _aRU
_bNLR
_gpsbo
801 1 _aRU
_bELAR
_2rusmarc
852 _aNLR
_jЛ40 Г-3/97
942 _cBOOK
980 _aNB